| 000 | 00000cas 2200000zi 4500 |
| 001 | 9.963189 |
| 003 | CaOODSP |
| 005 | 20260529134954 |
| 006 | m o d f |
| 007 | cr ||||||||||| |
| 008 | 260529c20209999oncar p o f0 a0eng|d |
| 022 | |a3111-1955 |
| 040 | |aCaOODSP|beng|erda|cCaOODSP |
| 043 | |an-cn--- |
| 086 | 1 |aV100E-PDF |
| 110 | 1 |aCanada. |bOffice of the Veterans Ombud, |eauthor, |eissuing body. |
| 222 | 0|aAnnual report |b(Canada. Office of the Veterans Ombud) |
| 245 | 10|aAnnual report ... / |cOffice of the Veterans Ombud. |
| 260 | |aOttawa : |bGovernment of Canada, Veterans Ombud = Gouvernement du Canada, Ombud des vétérans, |c[2021]- |
| 310 | |aAnnual |
| 336 | |atext|btxt|2rdacontent |
| 337 | |acomputer|bc|2rdamedia |
| 338 | |aonline resource|bcr|2rdacarrier |
| 362 | 1 |aBegan with 2020/2021. |
| 500 | |aIssued also in French under title: Rapport annuel. |
| 520 | 3 |aProvides an overview of the structure, operations, and progress of the Office of the Veterans Ombud. |
| 530 | |aIssued also in print. |
| 610 | 10|aCanada. |bOffice of the Veterans Ombud |vPeriodicals. |
| 650 | 0|aVeterans|xServices for|zCanada|vPeriodicals. |
| 655 | 7|aPeriodicals|2lcgft |
| 775 | 08|tRapport annuel / |w(CaOODSP)9.963188 |
| 780 | 00|tAnnual report |w(CaOODSP)9.505906 |